Science Quiz

Random Science or Clickable Quiz
Score 0/9 Timer 10:00
0 Plays Today
% Correct
Drug-resistant Strep pneumo
81.8%
TB
81.8%
Blastomycosis
81.8%
Coccidioidmycosis
81.8%
anaerobes
72.7%
S. aureus
72.7%
aerobic gram neg bacilli
54.5%
H. influenzae
54.5%
P. aeruginosa
54.5%

You're not logged in!

Compare scores with friends on all Sporcle quizzes.
OR
Log In

Sporcle TV

Today on Sporcle TV


Watch our educational content, quiz creation guides, and fun videos on Sporcle TV.

Show Comments

Extras

Created Oct 26, 2013ReportNominate
Tags:Clickable Quiz

Top Quizzes Today


Score Distribution

Paid Content

Your Account Isn't Verified!

In order to create a playlist on Sporcle, you need to verify the email address you used during registration. Go to your Sporcle Settings to finish the process.

Report this User

Report this user for behavior that violates our Community Guidelines.

Details: